Historia de la literatura Rusa.: Desde los orígenes hasta nuestros días
Gardado en:
| Autor Principal: | |
|---|---|
| Formato: | Libro |
| Idioma: | Undetermined |
| Publicado: |
Buenos Aires, Argentina
Editorial Losada
1945
|
| Materias: | |
| Etiquetas: |
Engadir etiqueta
Sen Etiquetas, Sexa o primeiro en etiquetar este rexistro!
|
MARC
| LEADER | 00000nam a2200000Ia 4500 | ||
|---|---|---|---|
| 008 | 170316s9999 xx 000 0 und d | ||
| 040 | |a cru BVZT | ||
| 090 | |a 891 S-1h | ||
| 100 | |a Schostakovsky, Pablo | ||
| 245 | |a Historia de la literatura Rusa.: Desde los orígenes hasta nuestros días | ||
| 260 | |a Buenos Aires, Argentina | ||
| 260 | |b Editorial Losada | ||
| 260 | |c 1945 | ||
| 300 | |a 491 páginas | ||
| 650 | |a LITERATURA RUSA | ||
| 650 | |a SIGLO IX - HASTA EL SIGLO XVIII | ||
| 650 | |a POESÍA POPULAR ANONIMA | ||
| 650 | |a LA INVASION OCCIDENTAL | ||
| 650 | |a SIGLO DE ORO (XIX) | ||
| 650 | |a EVOLUCION NACIONAL | ||
| 650 | |a PUSHKIN | ||
| 650 | |a LOS GRANDES POETAS | ||
| 650 | |a GOGOL | ||
| 650 | |a CRITICA LITERARIA RUSA | ||
| 650 | |a DOSTOIEVSKY | ||
| 650 | |a LEON TOLSTOY | ||
| 650 | |a HERENCIA LITERARIA - SIGLO DE ORO | ||
| 650 | |a SUCESORES DE LOS TITANES LITERARIOS | ||
| 650 | |a LAS LETRAS RUSAS BAJO LA REVOLUCION | ||
| 650 | |a LOS GRANDES AUTORES DE LA REVOLUCION | ||
| 650 | |a HISTORIA - LITERATURA RUSA | ||
| 999 | |c 12092 |d 12092 | ||
| 942 | |c 15 D |h 891 S-1h |2 z | ||
